=LDR 00000nam 2200000 4500 =001 INLIS000000000025070 =005 20130612123616 =008 ***********************************Ind** =035 ##$$0010-061300000025070 =041 ##$$a Ind =082 ##$$a 959.802 2 =090 ##$$a 959.802 2, Bak r =100 ##$$a Bakri, Ahmad =245 ##$$a Rangkaian peristiwa zaman jepang, Ahmad Bakhri =260 ##$$a 1986 $b Jakarta =300 ##$$a 122 hlm, ilus, 21 cm =650 ##$$a Indonesia-Sejarah =850 ##$$a NBPNMAT